ბათუმის შოთა რუსთაველის სახელმწიფო უნივერსიტეტის ბიბლიოთეკა

ჩანაწერი Personal Name

ჩანაწერთა რაოდენობა, რომელიც გამოყენებულია: 1

001 - CONTROL NUMBER

  • control field: 11140

003 - CONTROL NUMBER IDENTIFIER

  • control field: GE_BSU

005 - DATE AND TIME OF LATEST TRANSACTION

  • control field: 20210407141037.0

008 - FIXED-LENGTH DATA ELEMENTS

  • fixed length control field: 210407|| aca||aabn | a|a d

040 ## - CATALOGING SOURCE

  • Original cataloging agency: GE_BSU
  • Transcribing agency: GE_BSU

100 ## - HEADING--PERSONAL NAME

  • Personal name: Cross, Mai'a K. Davis

670 ## - SOURCE DATA FOUND

  • Source citation: Work cat.: (GE_BSU)53734: Cross, Mai'a K. Davis, Security Integration in Europe - How Knowledge-based Networks Are Transforming the European Union /